Shorelines past and present : proceedings of the fifth Symposium on Coastal Sedimentology, 25-26 January 1980 /

Bibliographic Details
Corporate Author: Symposium on Coastal Sedimentology Florida State University
Other Authors: Tanner, William Francis, 1917-
Format: Conference Proceeding Book
Language:English
Published: Tallahassee : Dept. of Geology, Florida State University, 1980.
Subjects:

MARC

Tag First Indicator Second Indicator Subfields
LEADER 00000cam a2200000 a 4500
001 in00000086150
005 20151008062554.0
008 810223s1980 flua b s10010 engm
010 |a  80152116  
035 |a (OCoLC)07275754 
035 |9 AAK0504AM 
040 |a DLC  |c DLC  |d m.c.  |d OCL  |d TXA  |d UtOrBLW 
043 |a n-us-fl 
049 |a TXAM  |v 1 [1560993]  |v 2 [1560994]  |v 3 [1560995] 
050 0 0 |a GB459.4  |b .S95 1980 
082 0 |a 551.4/58  |2 19 
111 2 |a Symposium on Coastal Sedimentology  |n (5th :  |d 1980 :  |c Florida State University) 
245 1 0 |a Shorelines past and present :  |b proceedings of the fifth Symposium on Coastal Sedimentology, 25-26 January 1980 /  |c edited by William F. Tanner. 
264 1 |a Tallahassee :  |b Dept. of Geology, Florida State University,  |c 1980. 
300 |a 3 volumes :  |b illustrations ;  |c 28 cm. 
336 |a text  |b txt  |2 rdacontent 
337 |a unmediated  |b n  |2 rdamedia 
338 |a volume  |b nc  |2 rdacarrier 
500 |a Errata slip inserted. 
504 |a Includes bibliographies. 
650 0 |a Shorelines  |z Florida  |x Congresses. 
650 0 |a Coast changes  |z Florida  |x Congresses. 
700 1 |a Tanner, William Francis,  |d 1917- 
999 |a MARS 
999 f f |s 96b6cda1-1daf-35ad-a26a-2d347dbded9d  |i e6976fe4-dd8b-397b-a8e5-8fe30a494f4a  |t 0 
952 f f |p ric  |a Texas A&M University  |b Rellis Campus  |c Joint Library Facility  |d Remote Storage  |t 0  |e GB459.4 .S95 1980  |h Library of Congress classification  |i unmediated -- volume  |k v.2  |m A14806113094 
952 f f |p ric  |a Texas A&M University  |b Rellis Campus  |c Joint Library Facility  |d Remote Storage  |t 0  |e GB459.4 .S95 1980  |h Library of Congress classification  |i unmediated -- volume  |k v.1  |m A14806113086 
952 f f |p ric  |a Texas A&M University  |b Rellis Campus  |c Joint Library Facility  |d Remote Storage  |t 0  |e GB459.4 .S95 1980  |h Library of Congress classification  |i unmediated -- volume  |k v.3  |m A14806113109 
998 f f |a GB459.4 .S95 1980  |s v.1-v.3  |t 0  |l Remote Storage